|
|
|
|
| LEADER |
00000nab a2200000uu 4500 |
| 001 |
vtls011502050 |
| 003 |
SK-MaSNL |
| 005 |
20260303133845.0 |
| 008 |
230218|2012 xo |||||||||||||||||eng| |
| 015 |
|
|
|a SNBRB
|
| 035 |
|
|
|a (urnnbn)urn:nbn:sk:snk:ar-a0ah3y
|
| 035 |
|
|
|a (uuid)47215465-a6bc-4e0f-a61e-01d56bc73da8
|
| 035 |
|
|
|a urn:nbn:sk:snk-abdw92
|
| 040 |
|
|
|a SNKBUCL
|b slo
|c SNKBUCL
|e AACR2
|
| 041 |
0 |
|
|a eng
|
| 044 |
|
|
|a xo
|c SK
|
| 100 |
1 |
|
|a Korenko, Branislav
|4 aut
|9 822689
|
| 245 |
1 |
0 |
|a FIBER OPTIC SENSOR FOR THE SPACE DISTRIBUTION MEASUREMENT OF MAGNETIC FIELD
|c Branislav Korenko, Jozef Jasenek, Jozefa Červeňová
|
| 700 |
1 |
|
|a Jasenek, Jozef,
|d 1947-
|4 aut
|9 21564
|
| 700 |
1 |
|
|a Červeňová, Jozefa,
|d 1958-
|4 aut
|9 132667
|
| 773 |
0 |
|
|t Journal of electrical engineering
|g Roč. 63, č. 7s (2012), s. [23]-26
|
| 958 |
|
|
|a OND
|
| 958 |
|
|
|a EUIPO
|
| 958 |
|
|
|a article20
|
| 999 |
|
|
|c 1959092
|d 1961022
|